<?xml version="1.0" encoding="UTF-8"?>
<collection xmlns="http://www.loc.gov/MARC21/slim">
 <record>
  <leader>07670nas a22008651  4500</leader>
  <controlfield tag="001">1/50368</controlfield>
  <controlfield tag="008">040311c19999999xxkqr1p           a0eng d</controlfield>
  <datafield tag="022" ind1=" " ind2=" ">
   <subfield code="a">1479-2931</subfield>
  </datafield>
  <datafield tag="035" ind1=" " ind2=" ">
   <subfield code="l">24414</subfield>
  </datafield>
  <datafield tag="040" ind1=" " ind2=" ">
   <subfield code="a">DLC</subfield>
   <subfield code="b">GR-PeUP</subfield>
  </datafield>
  <datafield tag="090" ind1=" " ind2=" ">
   <subfield code="a">Αλφαβητική σειρά</subfield>
  </datafield>
  <datafield tag="245" ind1="0" ind2="0">
   <subfield code="a">Maritime Economics &amp; Logistics</subfield>
  </datafield>
  <datafield tag="260" ind1=" " ind2=" ">
   <subfield code="a">Eastleigh, Hants, UK :</subfield>
   <subfield code="b">Palgrave,</subfield>
   <subfield code="c">1999-</subfield>
  </datafield>
  <datafield tag="300" ind1=" " ind2=" ">
   <subfield code="a">v. :</subfield>
   <subfield code="b">ill. ;</subfield>
   <subfield code="c">24 cm.</subfield>
  </datafield>
  <datafield tag="310" ind1=" " ind2=" ">
   <subfield code="a">Quarterly</subfield>
  </datafield>
  <datafield tag="362" ind1="0" ind2=" ">
   <subfield code="a">Vol. 5, no. 1 (March 2003)-</subfield>
  </datafield>
  <datafield tag="546" ind1=" " ind2=" ">
   <subfield code="a">English</subfield>
  </datafield>
  <datafield tag="650" ind1=" " ind2="4">
   <subfield code="a">Shipping</subfield>
   <subfield code="x">Economic aspects</subfield>
   <subfield code="v">Periodicals.</subfield>
  </datafield>
  <datafield tag="650" ind1=" " ind2="4">
   <subfield code="a">Harbors</subfield>
   <subfield code="x">Economic aspects</subfield>
   <subfield code="v">Periodicals.</subfield>
  </datafield>
  <datafield tag="650" ind1=" " ind2="4">
   <subfield code="a">Maritime history</subfield>
   <subfield code="v">Periodicals.</subfield>
  </datafield>
  <datafield tag="780" ind1=" " ind2="0">
   <subfield code="t">International journal of maritime economics</subfield>
   <subfield code="x">1388-1973</subfield>
  </datafield>
  <datafield tag="852" ind1=" " ind2=" ">
   <subfield code="a">INST</subfield>
   <subfield code="b">UNIPILB</subfield>
   <subfield code="c">SERIALS</subfield>
   <subfield code="e">20041201</subfield>
   <subfield code="h">Αλφαβητική σειρά</subfield>
   <subfield code="p">38136</subfield>
   <subfield code="q">38136</subfield>
   <subfield code="t">NOLOAN</subfield>
   <subfield code="v">vol.5;no.1:(Μήνας)March;(Έτος)2003</subfield>
   <subfield code="y">23</subfield>
  </datafield>
  <datafield tag="852" ind1=" " ind2=" ">
   <subfield code="a">INST</subfield>
   <subfield code="b">UNIPILB</subfield>
   <subfield code="c">SERIALS</subfield>
   <subfield code="e">20041201</subfield>
   <subfield code="h">Αλφαβητική σειρά</subfield>
   <subfield code="p">38137</subfield>
   <subfield code="q">38137</subfield>
   <subfield code="t">NOLOAN</subfield>
   <subfield code="v">vol.5;no.2:(Μήνας)June;(Έτος)2003</subfield>
   <subfield code="y">23</subfield>
  </datafield>
  <datafield tag="852" ind1=" " ind2=" ">
   <subfield code="a">INST</subfield>
   <subfield code="b">UNIPILB</subfield>
   <subfield code="c">SERIALS</subfield>
   <subfield code="e">20041201</subfield>
   <subfield code="h">Αλφαβητική σειρά</subfield>
   <subfield code="p">38138</subfield>
   <subfield code="q">38138</subfield>
   <subfield code="t">NOLOAN</subfield>
   <subfield code="v">vol.5;no.3:(Μήνας)September;(Έτος)2003</subfield>
   <subfield code="y">23</subfield>
  </datafield>
  <datafield tag="852" ind1=" " ind2=" ">
   <subfield code="a">INST</subfield>
   <subfield code="b">UNIPILB</subfield>
   <subfield code="c">SERIALS</subfield>
   <subfield code="e">20041201</subfield>
   <subfield code="h">Αλφαβητική σειρά</subfield>
   <subfield code="p">38139</subfield>
   <subfield code="q">38139</subfield>
   <subfield code="t">NOLOAN</subfield>
   <subfield code="v">vol.5;no.4:(Μήνας)December;(Έτος)2003</subfield>
   <subfield code="y">23</subfield>
  </datafield>
  <datafield tag="852" ind1=" " ind2=" ">
   <subfield code="a">INST</subfield>
   <subfield code="b">UNIPILB</subfield>
   <subfield code="c">SERIALS</subfield>
   <subfield code="e">20050405</subfield>
   <subfield code="h">Αλφαβητική σειρά</subfield>
   <subfield code="p">42068</subfield>
   <subfield code="q">42068</subfield>
   <subfield code="t">NOLOAN</subfield>
   <subfield code="v">vol.6;no.1:(Μήνας)March;(Έτος)2004</subfield>
   <subfield code="y">23</subfield>
  </datafield>
  <datafield tag="852" ind1=" " ind2=" ">
   <subfield code="a">INST</subfield>
   <subfield code="b">UNIPILB</subfield>
   <subfield code="c">SERIALS</subfield>
   <subfield code="e">20050405</subfield>
   <subfield code="h">Αλφαβητική σειρά</subfield>
   <subfield code="p">42069</subfield>
   <subfield code="q">42069</subfield>
   <subfield code="t">NOLOAN</subfield>
   <subfield code="v">vol.6;no.2:(Μήνας)June;(Έτος)2004</subfield>
   <subfield code="y">23</subfield>
  </datafield>
  <datafield tag="852" ind1=" " ind2=" ">
   <subfield code="a">INST</subfield>
   <subfield code="b">UNIPILB</subfield>
   <subfield code="c">SERIALS</subfield>
   <subfield code="e">20051017</subfield>
   <subfield code="h">Αλφαβητική σειρά</subfield>
   <subfield code="p">47620</subfield>
   <subfield code="q">47620</subfield>
   <subfield code="t">NOLOAN</subfield>
   <subfield code="v">vol.6;no.3:(Μήνας)September;(Έτος)2004</subfield>
   <subfield code="y">23</subfield>
  </datafield>
  <datafield tag="852" ind1=" " ind2=" ">
   <subfield code="a">INST</subfield>
   <subfield code="b">UNIPILB</subfield>
   <subfield code="c">SERIALS</subfield>
   <subfield code="e">20051017</subfield>
   <subfield code="h">Αλφαβητική σειρά</subfield>
   <subfield code="p">47621</subfield>
   <subfield code="q">47621</subfield>
   <subfield code="t">NOLOAN</subfield>
   <subfield code="v">vol.6;no.4:(Μήνας)December;(Έτος)2004</subfield>
   <subfield code="y">23</subfield>
  </datafield>
  <datafield tag="852" ind1=" " ind2=" ">
   <subfield code="a">INST</subfield>
   <subfield code="b">UNIPILB</subfield>
   <subfield code="c">SERIALS</subfield>
   <subfield code="e">20070913</subfield>
   <subfield code="h">Αλφαβητική σειρά</subfield>
   <subfield code="p">56978</subfield>
   <subfield code="q">56978</subfield>
   <subfield code="t">NOLOAN</subfield>
   <subfield code="v">vol.8;no.1:(Μήνας)March;(Έτος)2006</subfield>
   <subfield code="y">23</subfield>
  </datafield>
  <datafield tag="852" ind1=" " ind2=" ">
   <subfield code="a">INST</subfield>
   <subfield code="b">UNIPILB</subfield>
   <subfield code="c">SERIALS</subfield>
   <subfield code="e">20070913</subfield>
   <subfield code="h">Αλφαβητική σειρά</subfield>
   <subfield code="p">56979</subfield>
   <subfield code="q">56979</subfield>
   <subfield code="t">NOLOAN</subfield>
   <subfield code="v">vol.8;no.2:(Μήνας)June;(Έτος)2006</subfield>
   <subfield code="y">23</subfield>
  </datafield>
  <datafield tag="852" ind1=" " ind2=" ">
   <subfield code="a">INST</subfield>
   <subfield code="b">UNIPILB</subfield>
   <subfield code="c">SERIALS</subfield>
   <subfield code="e">20070913</subfield>
   <subfield code="h">Αλφαβητική σειρά</subfield>
   <subfield code="p">56980</subfield>
   <subfield code="q">56980</subfield>
   <subfield code="t">NOLOAN</subfield>
   <subfield code="v">vol.8;no.3:(Μήνας)September;(Έτος)2006</subfield>
   <subfield code="y">23</subfield>
  </datafield>
  <datafield tag="852" ind1=" " ind2=" ">
   <subfield code="a">INST</subfield>
   <subfield code="b">UNIPILB</subfield>
   <subfield code="c">SERIALS</subfield>
   <subfield code="e">20070913</subfield>
   <subfield code="h">Αλφαβητική σειρά</subfield>
   <subfield code="p">56981</subfield>
   <subfield code="q">56981</subfield>
   <subfield code="t">NOLOAN</subfield>
   <subfield code="v">vol.8;no.4:(Μήνας)December;(Έτος)2006</subfield>
   <subfield code="y">23</subfield>
  </datafield>
  <datafield tag="852" ind1=" " ind2=" ">
   <subfield code="a">INST</subfield>
   <subfield code="b">UNIPILB</subfield>
   <subfield code="c">SERIALS</subfield>
   <subfield code="e">20070917</subfield>
   <subfield code="h">Αλφαβητική σειρά</subfield>
   <subfield code="p">57206</subfield>
   <subfield code="q">57206</subfield>
   <subfield code="t">NOLOAN</subfield>
   <subfield code="v">vol.9;no.1:(Μήνας)March;(Έτος)2007</subfield>
   <subfield code="y">23</subfield>
  </datafield>
  <datafield tag="852" ind1=" " ind2=" ">
   <subfield code="a">INST</subfield>
   <subfield code="b">UNIPILB</subfield>
   <subfield code="c">SERIALS</subfield>
   <subfield code="e">20071203</subfield>
   <subfield code="h">Αλφαβητική σειρά</subfield>
   <subfield code="p">58750</subfield>
   <subfield code="q">58750</subfield>
   <subfield code="t">NOLOAN</subfield>
   <subfield code="v">vol.9;no.3:(Μήνας)September;(Έτος)2007</subfield>
   <subfield code="y">23</subfield>
  </datafield>
  <datafield tag="852" ind1=" " ind2=" ">
   <subfield code="a">INST</subfield>
   <subfield code="b">UNIPILB</subfield>
   <subfield code="c">SERIALS</subfield>
   <subfield code="e">20080108</subfield>
   <subfield code="h">Αλφαβητική σειρά</subfield>
   <subfield code="p">59295</subfield>
   <subfield code="q">59295</subfield>
   <subfield code="t">NOLOAN</subfield>
   <subfield code="v">vol.9;no.4:(Μήνας)December;(Έτος)2007</subfield>
   <subfield code="y">23</subfield>
  </datafield>
  <datafield tag="852" ind1=" " ind2=" ">
   <subfield code="a">INST</subfield>
   <subfield code="b">UNIPILB</subfield>
   <subfield code="c">SERIALS</subfield>
   <subfield code="e">20100420</subfield>
   <subfield code="h">Αλφαβητική σειρά</subfield>
   <subfield code="p">67928</subfield>
   <subfield code="q">67928</subfield>
   <subfield code="t">NOLOAN</subfield>
   <subfield code="v">vol.11;no.1:(Μήνας)March;(Έτος)2009</subfield>
   <subfield code="y">23</subfield>
  </datafield>
  <datafield tag="852" ind1=" " ind2=" ">
   <subfield code="a">INST</subfield>
   <subfield code="b">UNIPILB</subfield>
   <subfield code="c">SERIALS</subfield>
   <subfield code="e">20100420</subfield>
   <subfield code="h">Αλφαβητική σειρά</subfield>
   <subfield code="p">67929</subfield>
   <subfield code="q">67929</subfield>
   <subfield code="t">NOLOAN</subfield>
   <subfield code="v">vol.11;no.2:(Μήνας)June;(Έτος)2009</subfield>
   <subfield code="y">23</subfield>
  </datafield>
  <datafield tag="852" ind1=" " ind2=" ">
   <subfield code="a">INST</subfield>
   <subfield code="b">UNIPILB</subfield>
   <subfield code="c">SERIALS</subfield>
   <subfield code="e">20100420</subfield>
   <subfield code="h">Αλφαβητική σειρά</subfield>
   <subfield code="p">67930</subfield>
   <subfield code="q">67930</subfield>
   <subfield code="t">NOLOAN</subfield>
   <subfield code="v">vol.11;no.3:(Μήνας)September;(Έτος)2009</subfield>
   <subfield code="y">23</subfield>
  </datafield>
  <datafield tag="852" ind1=" " ind2=" ">
   <subfield code="a">INST</subfield>
   <subfield code="b">UNIPILB</subfield>
   <subfield code="c">SERIALS</subfield>
   <subfield code="e">20100420</subfield>
   <subfield code="h">Αλφαβητική σειρά</subfield>
   <subfield code="p">67931</subfield>
   <subfield code="q">67931</subfield>
   <subfield code="t">NOLOAN</subfield>
   <subfield code="v">vol.11;no.4:(Μήνας)December;(Έτος)2009</subfield>
   <subfield code="y">23</subfield>
  </datafield>
  <datafield tag="852" ind1=" " ind2=" ">
   <subfield code="a">INST</subfield>
   <subfield code="b">UNIPILB</subfield>
   <subfield code="c">SERIALS</subfield>
   <subfield code="e">20100826</subfield>
   <subfield code="h">Αλφαβητική σειρά</subfield>
   <subfield code="p">69676</subfield>
   <subfield code="q">69676</subfield>
   <subfield code="t">NOLOAN</subfield>
   <subfield code="v">vol.12;no.1:(Μήνας)March;(Έτος)2010</subfield>
   <subfield code="y">23</subfield>
  </datafield>
  <datafield tag="852" ind1=" " ind2=" ">
   <subfield code="a">INST</subfield>
   <subfield code="b">UNIPILB</subfield>
   <subfield code="c">SERIALS</subfield>
   <subfield code="e">20100826</subfield>
   <subfield code="h">Αλφαβητική σειρά</subfield>
   <subfield code="p">69677</subfield>
   <subfield code="q">69677</subfield>
   <subfield code="t">NOLOAN</subfield>
   <subfield code="v">vol.12;no.2:(Μήνας)June;(Έτος)2010</subfield>
   <subfield code="y">23</subfield>
  </datafield>
  <datafield tag="852" ind1=" " ind2=" ">
   <subfield code="a">INST</subfield>
   <subfield code="b">UNIPILB</subfield>
   <subfield code="c">SERIALS</subfield>
   <subfield code="e">20101018</subfield>
   <subfield code="h">Αλφαβητική σειρά</subfield>
   <subfield code="p">70186</subfield>
   <subfield code="q">70186</subfield>
   <subfield code="t">NOLOAN</subfield>
   <subfield code="v">vol.12;no.3:(Μήνας)September;(Έτος)2010</subfield>
   <subfield code="y">23</subfield>
  </datafield>
  <datafield tag="852" ind1=" " ind2=" ">
   <subfield code="a">INST</subfield>
   <subfield code="b">UNIPILB</subfield>
   <subfield code="c">SERIALS</subfield>
   <subfield code="e">20110124</subfield>
   <subfield code="h">Αλφαβητική σειρά</subfield>
   <subfield code="p">70913</subfield>
   <subfield code="q">70913</subfield>
   <subfield code="t">NOLOAN</subfield>
   <subfield code="v">vol.12;no.4:(Μήνας)December;(Έτος)2010</subfield>
   <subfield code="y">23</subfield>
  </datafield>
  <datafield tag="852" ind1=" " ind2=" ">
   <subfield code="a">INST</subfield>
   <subfield code="b">UNIPILB</subfield>
   <subfield code="c">SERIALS</subfield>
   <subfield code="e">20110722</subfield>
   <subfield code="h">Αλφαβητική σειρά</subfield>
   <subfield code="p">72412</subfield>
   <subfield code="q">72412</subfield>
   <subfield code="t">NOLOAN</subfield>
   <subfield code="v">vol.13;no.1:(Μήνας)March;(Έτος)2011</subfield>
   <subfield code="y">23</subfield>
  </datafield>
  <datafield tag="852" ind1=" " ind2=" ">
   <subfield code="a">INST</subfield>
   <subfield code="b">UNIPILB</subfield>
   <subfield code="c">SERIALS</subfield>
   <subfield code="e">20110722</subfield>
   <subfield code="h">Αλφαβητική σειρά</subfield>
   <subfield code="p">72413</subfield>
   <subfield code="q">72413</subfield>
   <subfield code="t">NOLOAN</subfield>
   <subfield code="v">vol.13;no.2:(Μήνας)June;(Έτος)2011</subfield>
   <subfield code="y">23</subfield>
  </datafield>
  <datafield tag="852" ind1=" " ind2=" ">
   <subfield code="a">INST</subfield>
   <subfield code="b">UNIPILB</subfield>
   <subfield code="c">SERIALS</subfield>
   <subfield code="e">20110929</subfield>
   <subfield code="h">Αλφαβητική σειρά</subfield>
   <subfield code="p">72806</subfield>
   <subfield code="q">72806</subfield>
   <subfield code="t">NOLOAN</subfield>
   <subfield code="v">vol.13;no.3:(Μήνας)September;(Έτος)2011</subfield>
   <subfield code="y">23</subfield>
  </datafield>
  <datafield tag="852" ind1=" " ind2=" ">
   <subfield code="a">INST</subfield>
   <subfield code="b">UNIPILB</subfield>
   <subfield code="c">SERIALS</subfield>
   <subfield code="e">20111207</subfield>
   <subfield code="h">Αλφαβητική σειρά</subfield>
   <subfield code="p">73720</subfield>
   <subfield code="q">73720</subfield>
   <subfield code="t">NOLOAN</subfield>
   <subfield code="v">vol.13;no.4:(Μήνας)December;(Έτος)2011</subfield>
   <subfield code="y">23</subfield>
  </datafield>
  <datafield tag="852" ind1=" " ind2=" ">
   <subfield code="a">INST</subfield>
   <subfield code="b">UNIPILB</subfield>
   <subfield code="c">SERIALS</subfield>
   <subfield code="e">20120601</subfield>
   <subfield code="h">Αλφαβητική σειρά</subfield>
   <subfield code="p">75671</subfield>
   <subfield code="q">75671</subfield>
   <subfield code="t">NOLOAN</subfield>
   <subfield code="v">vol.14;no.1:(Μήνας)March;(Έτος)2012</subfield>
   <subfield code="y">23</subfield>
  </datafield>
  <datafield tag="852" ind1=" " ind2=" ">
   <subfield code="a">INST</subfield>
   <subfield code="b">UNIPILB</subfield>
   <subfield code="c">SERIALS</subfield>
   <subfield code="e">20120702</subfield>
   <subfield code="h">Αλφαβητική σειρά</subfield>
   <subfield code="p">75940</subfield>
   <subfield code="q">75940</subfield>
   <subfield code="t">NOLOAN</subfield>
   <subfield code="v">vol.14;no.2:(Μήνας)June;(Έτος)2012</subfield>
   <subfield code="y">23</subfield>
  </datafield>
  <datafield tag="852" ind1=" " ind2=" ">
   <subfield code="a">INST</subfield>
   <subfield code="b">UNIPILB</subfield>
   <subfield code="c">SERIALS</subfield>
   <subfield code="e">20120924</subfield>
   <subfield code="h">Αλφαβητική σειρά</subfield>
   <subfield code="p">76617</subfield>
   <subfield code="q">76617</subfield>
   <subfield code="t">NOLOAN</subfield>
   <subfield code="v">vol.14;no.3:(Μήνας)September;(Έτος)2012</subfield>
   <subfield code="y">23</subfield>
  </datafield>
  <datafield tag="852" ind1=" " ind2=" ">
   <subfield code="a">INST</subfield>
   <subfield code="b">UNIPILB</subfield>
   <subfield code="c">SERIALS</subfield>
   <subfield code="e">20121119</subfield>
   <subfield code="h">Αλφαβητική σειρά</subfield>
   <subfield code="p">77128</subfield>
   <subfield code="q">77128</subfield>
   <subfield code="t">NOLOAN</subfield>
   <subfield code="v">vol.14;no.4:(Μήνας)December;(Έτος)2012</subfield>
   <subfield code="y">23</subfield>
  </datafield>
  <datafield tag="852" ind1=" " ind2=" ">
   <subfield code="a">INST</subfield>
   <subfield code="b">UNIPILB</subfield>
   <subfield code="c">SERIALS</subfield>
   <subfield code="e">20140110</subfield>
   <subfield code="h">Αλφαβητική σειρά</subfield>
   <subfield code="p">81835</subfield>
   <subfield code="q">81835</subfield>
   <subfield code="t">NOLOAN</subfield>
   <subfield code="v">vol.15;no.1:(Μήνας)March;(Έτος)2013</subfield>
   <subfield code="y">23</subfield>
  </datafield>
  <datafield tag="852" ind1=" " ind2=" ">
   <subfield code="a">INST</subfield>
   <subfield code="b">UNIPILB</subfield>
   <subfield code="c">SERIALS</subfield>
   <subfield code="e">20140110</subfield>
   <subfield code="h">Αλφαβητική σειρά</subfield>
   <subfield code="p">81836</subfield>
   <subfield code="q">81836</subfield>
   <subfield code="t">NOLOAN</subfield>
   <subfield code="v">vol.15;no.2:(Μήνας)June;(Έτος)2013</subfield>
   <subfield code="y">23</subfield>
  </datafield>
  <datafield tag="852" ind1=" " ind2=" ">
   <subfield code="a">INST</subfield>
   <subfield code="b">UNIPILB</subfield>
   <subfield code="c">SERIALS</subfield>
   <subfield code="e">20140110</subfield>
   <subfield code="h">Αλφαβητική σειρά</subfield>
   <subfield code="p">81837</subfield>
   <subfield code="q">81837</subfield>
   <subfield code="t">NOLOAN</subfield>
   <subfield code="v">vol.15;no.3:(Μήνας)September;(Έτος)2013</subfield>
   <subfield code="y">23</subfield>
  </datafield>
  <datafield tag="852" ind1=" " ind2=" ">
   <subfield code="a">INST</subfield>
   <subfield code="b">UNIPILB</subfield>
   <subfield code="c">SERIALS</subfield>
   <subfield code="e">20140110</subfield>
   <subfield code="h">Αλφαβητική σειρά</subfield>
   <subfield code="p">81838</subfield>
   <subfield code="q">81838</subfield>
   <subfield code="t">NOLOAN</subfield>
   <subfield code="v">vol.15;no.4:(Μήνας)December;(Έτος)2013</subfield>
   <subfield code="y">23</subfield>
  </datafield>
  <datafield tag="856" ind1="4" ind2="1">
   <subfield code="u">http://www.palgrave-journals.com/ijme</subfield>
  </datafield>
  <datafield tag="900" ind1=" " ind2=" ">
   <subfield code="a">Vol. 16 no. 1 (March 2014)</subfield>
   <subfield code="b">Οφειλόμενο</subfield>
   <subfield code="c">13/06/2017</subfield>
  </datafield>
  <datafield tag="900" ind1=" " ind2=" ">
   <subfield code="a">Vol. 7 no. 1 (March 2005)</subfield>
   <subfield code="b">Οφειλόμενο</subfield>
   <subfield code="c">30/08/2006</subfield>
  </datafield>
  <datafield tag="900" ind1=" " ind2=" ">
   <subfield code="a">Vol. 7 no. 2 (June 2005)</subfield>
   <subfield code="b">Οφειλόμενο</subfield>
   <subfield code="c">14/09/2007</subfield>
  </datafield>
  <datafield tag="900" ind1=" " ind2=" ">
   <subfield code="a">Vol. 7 no. 3 (September 2005)</subfield>
   <subfield code="b">Οφειλόμενο</subfield>
   <subfield code="c">14/09/2007</subfield>
  </datafield>
  <datafield tag="900" ind1=" " ind2=" ">
   <subfield code="a">Vol. 7 no. 4 (December 2005)</subfield>
   <subfield code="b">Οφειλόμενο</subfield>
   <subfield code="c">14/09/2007</subfield>
  </datafield>
  <datafield tag="900" ind1=" " ind2=" ">
   <subfield code="a">Vol. 9 no. 2 (June 2007)</subfield>
   <subfield code="b">Οφειλόμενο</subfield>
   <subfield code="c">31/10/2008</subfield>
  </datafield>
  <datafield tag="900" ind1=" " ind2=" ">
   <subfield code="a">Vol. 10 no. 1 (March 2008)</subfield>
   <subfield code="b">Οφειλόμενο</subfield>
   <subfield code="c">24/06/2009</subfield>
  </datafield>
  <datafield tag="900" ind1=" " ind2=" ">
   <subfield code="a">Vol. 10 no. 2 (June 2008)</subfield>
   <subfield code="b">Οφειλόμενο</subfield>
   <subfield code="c">19/04/2010</subfield>
  </datafield>
  <datafield tag="900" ind1=" " ind2=" ">
   <subfield code="a">Vol. 10 no. 3 (September 2008)</subfield>
   <subfield code="b">Οφειλόμενο</subfield>
   <subfield code="c">19/04/2010</subfield>
  </datafield>
  <datafield tag="900" ind1=" " ind2=" ">
   <subfield code="a">Vol. 10 no. 4 (December 2008)</subfield>
   <subfield code="b">Οφειλόμενο</subfield>
   <subfield code="c">19/04/2010</subfield>
  </datafield>
  <datafield tag="950" ind1=" " ind2=" ">
   <subfield code="a">01/03/2003</subfield>
   <subfield code="c">ANACO Κ. ΑΝΑΓΝΩΣΤΟΥ Ε.Π.Ε., ΜΗΧΑΝΗΜΑΤΑ ΚΑΙ ΣΥΣΤΗΜΑΤΑ ΟΡΓΑΝΩΣΗΣ ΓΡΑΦΕΙΟΥ</subfield>
   <subfield code="d">121</subfield>
  </datafield>
  <datafield tag="951" ind1=" " ind2=" ">
   <subfield code="a">Vol. 15 no. 1 (March 2013) - Vol. 15 no. 4 (December 2013)</subfield>
   <subfield code="b">Main run</subfield>
  </datafield>
  <datafield tag="951" ind1=" " ind2=" ">
   <subfield code="a">Vol. 5 no. 1 (March 2003) - Vol. 5 no. 4 (December 2003)</subfield>
   <subfield code="b">Main run</subfield>
  </datafield>
  <datafield tag="951" ind1=" " ind2=" ">
   <subfield code="a">Vol. 6 no. 1 (March 2004) - Vol. 6 no. 4 (December 2004)</subfield>
   <subfield code="b">Main run</subfield>
  </datafield>
  <datafield tag="951" ind1=" " ind2=" ">
   <subfield code="a">Vol. 8 no. 1 (March 2006) - Vol. 8 no. 4 (December 2006)</subfield>
   <subfield code="b">Main run</subfield>
  </datafield>
  <datafield tag="951" ind1=" " ind2=" ">
   <subfield code="a">Vol. 9 no. 1 (March 2007)</subfield>
   <subfield code="b">Main run</subfield>
  </datafield>
  <datafield tag="951" ind1=" " ind2=" ">
   <subfield code="a">Vol. 9 no. 3 (September 2007) - Vol. 9 no. 4 (December 2007)</subfield>
   <subfield code="b">Main run</subfield>
  </datafield>
  <datafield tag="951" ind1=" " ind2=" ">
   <subfield code="a">Vol. 11 no. 1 (March 2009) - Vol. 14 no. 4 (December 2012)</subfield>
   <subfield code="b">Main run</subfield>
  </datafield>
 </record>
</collection>
